Volcanoes of the solar system (Record no. 12380)
[ view plain ]
| 000 -LEADER | |
|---|---|
| fixed length control field | 00521nam a2200169Ia 4500 |
| 003 - CONTROL NUMBER IDENTIFIER | |
| control field | IN-BaIIA |
| 008 - FIXED-LENGTH DATA ELEMENTS--GENERAL INFORMATION | |
| fixed length control field | 211028s9999 xx 000 0 eng d |
| 020 ## - INTERNATIONAL STANDARD BOOK NUMBER | |
| International Standard Book Number | 0-521-47770-0 |
| 040 ## - CATALOGING SOURCE | |
| Transcribing agency | IIA Library |
| 080 ## - UNIVERSAL DECIMAL CLASSIFICATION NUMBER | |
| Universal Decimal Classification number | 551.21:523 |
| Item number | FRA |
| 100 ## - MAIN ENTRY--PERSONAL NAME | |
| Personal name | Frankel, Charles |
| 9 (RLIN) | 21651 |
| 245 #0 - TITLE STATEMENT | |
| Title | Volcanoes of the solar system |
| Statement of responsibility, etc. | Charles Frankel |
| 260 ## - PUBLICATION, DISTRIBUTION, ETC. | |
| Place of publication, distribution, etc. | Cambridge |
| Name of publisher, distributor, etc. | Cambridge University Press |
| Date of publication, distribution, etc. | 1996 |
| 300 ## - PHYSICAL DESCRIPTION | |
| Extent | xiii, 232p. |
| 650 ## - SUBJECT ADDED ENTRY--TOPICAL TERM | |
| Topical term or geographic name entry element | Volcanoes, Solar system |
| 9 (RLIN) | 21652 |
| 942 ## - ADDED ENTRY ELEMENTS (KOHA) | |
| Koha item type | Books |
| Withdrawn status | Lost status | Damaged status | Not for loan | Home library | Current library | Shelving location | Date acquired | Source of acquisition | Total Checkouts | Full call number | Barcode | Date last seen | Price effective from | Koha item type | Purchase Price |
|---|---|---|---|---|---|---|---|---|---|---|---|---|---|---|---|
| IIA Library-Bangalore | IIA Library-Bangalore | General Stacks | 18/02/1998 | PBSB | 551.21:523/ FRA | 13296 | 05/11/2021 | 18/02/1998 | Books | £ 15.95 |